Softvérový sprievodca čerpaním finančných prostriedkov z fondov EÚ a z programov štátnej podpory SR

Enregistré dans:
Détails bibliographiques
Format: Publication en série
Tags: Ajouter un tag
Pas de tags, Soyez le premier à ajouter un tag!

MARC

LEADER 00000nas a22000003a 4500
001 stu183557
005 20141121175342.9
008 090428s--------------------------------d
040 |a STU  |b slo 
041 0
245 |a Softvérový sprievodca čerpaním finančných prostriedkov z fondov EÚ a z programov štátnej podpory SR 
773 0 |t Softvérový sprievodca čerpaním finančných prostriedkov z fondov EÚ a z programov štátnej podpory SR :  |w stu_us_cat*stu97468  |x 1336-6300  |7 nnas 
996 |b 284M070296  |c M*CD-1418  |d 2009, aktuálny stav: január 2009  |v 2009  |i aktuálny stav: január 2009  |l MMKN  |s A  |a 24  |w stu183557_0001